La funzione di insegnare della chiesa: un breve commento al libro III del Codice di Diritto Canonico

Tallennettuna:
Bibliografiset tiedot
Päätekijä: Urru, Angelo Giuseppe (Tekijä)
Aineistotyyppi: Kirja
Kieli:italia
Julkaistu: Roma Vivere in 2001
Painos:2a. ed
Aiheet:
Tagit: Lisää tagi
Ei tageja, Lisää ensimmäinen tagi!

MARC

LEADER 00000nam a2200000 a 4500
001 UCL0062
003 CL-VaPUC
008 030612e20010000IT |||||||||||||||||ita|d
082 0 4 |a 262.933  |b URR  |2 21 
100 0 |a Urru, Angelo Giuseppe  |e author  |9 476763 
245 1 3 |a La funzione di insegnare della chiesa: un breve commento al libro III del Codice di Diritto Canonico 
250 |a 2a. ed 
300 |a 229 p 
942 |c BK 
945 |d 20030612 00:00:00  |a cmena 
260 |a Roma  |b Vivere in  |c 2001 
650 7 |a DERECHO CANONICO  |2 CL-VaPUC  |9 476764 
650 0 |a Derecho eclesiástico  |9 255055 
583 |a last modification  |c 20030612 00:00:00  |k Rodrigo Vera 
999 |c 304095  |d 304093 
952 |0 0  |1 0  |4 0  |6 262_933000000000000_URR_2001  |7 0  |8 A  |9 365877  |a BIBDER  |b BIBDER  |d 2019-11-21  |i 3894088  |o 262.933 URR 2001  |p 3894088  |r 2023-01-25  |w 2019-11-21  |y BK  |k DER